Rok 1996 ovplyvnila "modifikovaná" privatizácia

Bibliographic Details
Main Author: Krúpa, Peter (ekonóm) (Author)
Format: Article
Language:Slovak
PhysicalDescription:Graf 1, tab. 3
ISSN:0862-9567
Subjects:

MARC

LEADER 00000nab a2200000 a 4500
001 vtls000618935
003 SK-MaSNL
005 20260302185233.0
008 140228c1997 xo 0 slo
015 |a SNBRB19rr/mm-uuuuu 
035 |a CL0619074 
040 |a SNKBUCL  |b slo  |c SNKBUCL  |e AACR2 
041 0 |a slo 
044 |a xo  |c SK 
080 |a 336.761(437.6)  |2 1981 
100 1 |a Krúpa, Peter  |c (ekonóm)  |4 aut  |9 894122 
245 1 0 |a Rok 1996 ovplyvnila "modifikovaná" privatizácia  |c Peter Krúpa 
300 |b Graf 1, tab. 3 
650 0 7 |a RM-Systém Slovakia, a.s., Bratislava  |2 snkbucl  |9 894123 
655 7 |a články z novín a časopisov  |2 snkbucl  |9 267496 
773 0 |t Hospodárske noviny  |g Roč. 5, č. 21 (31. 1. 1997)  |x 0862-9567 
773 0 |t [Príl.] Kapitálový trh SR a ČR v roku 1996  |g S. T2  |x 0862-9567 
850 |a Slovenská národná knižnica v Martine  |a MTA001 
852 |a SNK  |b KIS3GCP 
957 |a 5100 
958 |a SK 
958 |a RK 
992 |a RBX 
999 |c 1428713  |d 1430643